[Event "DVM U10 2024"]
[Site "Düsseldorf GER"]
[Date "2024.12.27"]
[Round "3"]
[White "Cheng, Louis"]
[Black "Tolle, Jonathan"]
[Result "1-0"]
[Termination "normal"]
[Board "4.4"]
[WhiteElo "2087"]
[BlackElo "1149"]
[WhiteClock "00:29:36"]
[BlackClock "00:40:06"]
[WhiteTeam "SK Gräfelfing"]
[BlackTeam "SK Münster 32"]
[PlyCount "71"]
[BlackFideId "533006784"]
[EventCountry "GER"]
[EventRounds "7"]
[EventType "team-swiss"]
[EventDate "2024.12.26"]

1. e4 {[%clk 00:55:08]} e5 {[%clk 00:55:06]} {[%emt 00:00:04]} 2. Nf3 {[%clk
00:55:09]} {[%emt 00:00:04]} Nc6 {[%clk 00:55:07]} {[%emt 00:00:04]} 3. d4
{[%clk 00:55:07]} {[%emt 00:00:07]} exd4 {[%clk 00:55:03]} {[%emt 00:00:09]} 4.
Bc4 {[%clk 00:55:08]} {[%emt 00:00:04]} Bc5 {[%clk 00:54:51]} {[%emt 00:00:13]}
5. c3 {[%clk 00:55:06]} {[%emt 00:00:11]} dxc3 {[%clk 00:54:33]} {[%emt
00:00:24]} 6. bxc3 {[%clk 00:55:01]} {[%emt 00:00:09]} Nf6 {[%clk 00:54:13]}
{[%emt 00:00:25]} 7. e5 {[%clk 00:54:32]} {[%emt 00:00:35]} Ng4 {[%clk
00:53:31]} {[%emt 00:00:47]} 8. Bxf7+ {[%clk 00:54:06]} {[%emt 00:00:30]} Ke7
{[%clk 00:53:08]} {[%emt 00:00:28]} 9. Bg5+ {[%clk 00:53:25]} {[%emt 00:00:47]}
Nf6 {[%clk 00:52:58]} {[%emt 00:00:13]} 10. exf6+ {[%clk 00:53:22]} {[%emt
00:00:09]} gxf6 {[%clk 00:52:38]} {[%emt 00:00:25]} 11. Bh4 {[%clk 00:52:40]}
{[%emt 00:00:47]} Qf8 {[%clk 00:52:09]} {[%emt 00:00:32]} 12. Qd5 {[%clk
00:51:01]} {[%emt 00:01:47]} Ba3 {[%clk 00:51:50]} {[%emt 00:00:23]} 13. Nxa3
{[%clk 00:50:49]} {[%emt 00:00:18]} Qxf7 {[%clk 00:51:43]} {[%emt 00:00:11]}
14. Qxf7+ {[%clk 00:50:28]} {[%emt 00:00:25]} Kxf7 {[%clk 00:51:44]} {[%emt
00:00:05]} 15. O-O {[%clk 00:50:03]} {[%emt 00:00:30]} d6 {[%clk 00:51:38]}
{[%emt 00:00:12]} 16. Rfe1 {[%clk 00:49:21]} {[%emt 00:00:46]} Bg4 {[%clk
00:51:37]} {[%emt 00:00:06]} 17. Nd2 {[%clk 00:49:00]} {[%emt 00:00:26]} Rhg8
{[%clk 00:51:23]} {[%emt 00:00:18]} 18. Re3 {[%clk 00:48:33]} {[%emt 00:00:32]}
Rad8 {[%clk 00:46:02]} {[%emt 00:05:27]} 19. h3 {[%clk 00:47:24]} {[%emt
00:01:14]} Bc8 {[%clk 00:45:51]} {[%emt 00:00:15]} 20. Rf3 {[%clk 00:46:44]}
{[%emt 00:00:45]} Rg6 {[%clk 00:45:20]} {[%emt 00:00:37]} 21. Ne4 {[%clk
00:44:57]} {[%emt 00:01:52]} Ne5 {[%clk 00:45:00]} {[%emt 00:00:22]} 22. Rf4
{[%clk 00:43:06]} {[%emt 00:01:59]} Bxh3 {[%clk 00:44:39]} {[%emt 00:00:25]}
23. Ng5+ {[%clk 00:43:02]} {[%emt 00:00:09]} Ke7 {[%clk 00:44:18]} {[%emt
00:00:24]} 24. Nxh3 {[%clk 00:42:50]} {[%emt 00:00:18]} Rf8 {[%clk 00:44:10]}
{[%emt 00:00:15]} 25. Re4 {[%clk 00:41:39]} {[%emt 00:01:16]} Rfg8 {[%clk
00:43:35]} {[%emt 00:00:40]} 26. Nf4 {[%clk 00:41:02]} {[%emt 00:00:42]} Rg4
{[%clk 00:43:22]} {[%emt 00:00:14]} 27. Nd5+ {[%clk 00:40:01]} {[%emt
00:01:08]} Ke6 {[%clk 00:43:07]} {[%emt 00:00:17]} 28. Rxg4 {[%clk 00:37:51]}
{[%emt 00:02:19]} Rxg4 {[%clk 00:42:58]} {[%emt 00:00:13]} 29. Nxc7+ {[%clk
00:35:46]} {[%emt 00:02:10]} Kd7 {[%clk 00:42:49]} {[%emt 00:00:15]} 30. Nd5
{[%clk 00:34:33]} {[%emt 00:01:18]} Rxh4 {[%clk 00:42:39]} {[%emt 00:00:15]}
31. Nxf6+ {[%clk 00:34:23]} {[%emt 00:00:15]} Ke6 {[%clk 00:42:32]} {[%emt
00:00:08]} 32. Ne8 {[%clk 00:33:59]} {[%emt 00:00:32]} Rg4 {[%clk 00:42:09]}
{[%emt 00:00:28]} 33. Re1 {[%clk 00:32:55]} {[%emt 00:01:10]} Kd5 {[%clk
00:40:40]} {[%emt 00:01:33]} 34. Nf6+ {[%clk 00:32:45]} {[%emt 00:00:15]} Kc6
{[%clk 00:40:16]} {[%emt 00:00:30]} 35. Nxg4 {[%clk 00:32:38]} {[%emt
00:00:12]} Nxg4 {[%clk 00:40:06]} {[%emt 00:00:15]} 36. Re4 {[%clk 00:29:36]}
{[%emt 00:03:08]} 1-0

[Event "DVM U10 2024"]
[Site "Düsseldorf GER"]
[Date "2024.12.27"]
[Round "3"]
[White "Dintinger, Ata Lucien"]
[Black "Riazi, Dominik"]
[Result "1-0"]
[Termination "normal"]
[Board "5.1"]
[WhiteElo "1511"]
[BlackElo "1584"]
[WhiteClock "00:38:51"]
[BlackClock "00:12:01"]
[WhiteTeam "Elmshorner SC 1896"]
[BlackTeam "SK Bad Homburg 1927"]
[PlyCount "91"]
[WhiteFideId "34654550"]
[BlackFideId "533002150"]
[EventCountry "GER"]
[EventRounds "7"]
[EventType "team-swiss"]
[EventDate "2024.12.26"]

1. e4 {[%clk 00:55:08]} {[%emt 00:00:02]} e5 {[%clk 00:55:09]} 2. Nc3 {[%clk
00:55:07]} {[%emt 00:00:06]} Nf6 {[%clk 00:55:10]} {[%emt 00:00:04]} 3. f4
{[%clk 00:55:06]} {[%emt 00:00:06]} d5 {[%clk 00:55:06]} {[%emt 00:00:10]} 4.
fxe5 {[%clk 00:55:06]} {[%emt 00:00:05]} Nxe4 {[%clk 00:55:03]} {[%emt
00:00:07]} 5. Nf3 {[%clk 00:53:55]} {[%emt 00:01:17]} Be7 {[%clk 00:46:33]}
{[%emt 00:08:34]} 6. d4 {[%clk 00:51:31]} {[%emt 00:02:30]} O-O {[%clk
00:44:08]} 7. Bd3 {[%clk 00:48:41]} {[%emt 00:05:25]} Nxc3 {[%clk 00:43:38]} 8.
bxc3 {[%clk 00:48:30]} {[%emt 00:00:50]} Bg4 {[%clk 00:41:48]} 9. Bf4 {[%clk
00:47:08]} {[%emt 00:03:21]} c5 {[%clk 00:39:40]} 10. Qd2 {[%emt 00:03:34]}
cxd4 11. cxd4 {[%clk 00:45:54]} Qb6 {[%clk 00:33:56]} 12. c3 {[%clk 00:45:10]}
{[%emt 00:07:41]} Nd7 {[%clk 00:31:50]} 13. Rb1 {[%clk 00:44:58]} {[%emt
00:01:34]} Qc7 {[%clk 00:31:01]} 14. e6 {[%clk 00:44:26]} {[%emt 00:01:30]} Qc6
{[%clk 00:27:47]} 15. exd7 {[%clk 00:44:19]} {[%emt 00:03:32]} Qxd7 {[%clk
00:26:23]} 16. Ne5 {[%clk 00:44:08]} Qe6 {[%clk 00:26:23]} 17. O-O {[%clk
00:44:19]} f6 {[%clk 00:26:23]} 18. Nxg4 {[%clk 00:43:52]} {[%emt 00:05:51]}
Qxg4 {[%clk 00:22:22]} 19. Rxb7 {[%clk 00:43:41]} {[%emt 00:00:42]} Rfe8 {[%clk
00:21:04]} 20. Re1 {[%clk 00:43:41]} Ba3 {[%clk 00:21:04]} 21. Rxe8+ {[%clk
00:43:41]} Rxe8 {[%clk 00:21:04]} 22. Rxa7 {[%clk 00:43:41]} Bf8 {[%clk
00:21:04]} 23. h3 {[%clk 00:43:41]} Qh4 {[%clk 00:21:04]} 24. Qf2 {[%clk
00:43:41]} Qh5 {[%clk 00:21:04]} 25. Qf3 {[%clk 00:43:41]} Qh4 {[%clk
00:21:04]} 26. Qxd5+ {[%clk 00:43:41]} Kh8 {[%clk 00:21:04]} 27. Qf3 {[%clk
00:38:51]} {[%emt 00:14:51]} Qe1+ {[%clk 00:12:01]} 28. Kh2 {[%clk 00:38:51]}
Qxc3 {[%clk 00:12:01]} 29. Bb5 {[%clk 00:38:51]} Qxd4 {[%clk 00:12:01]} 30.
Bxe8 {[%clk 00:38:51]} Qxa7 {[%clk 00:12:01]} 31. Qd5 {[%clk 00:38:51]} Qf2
{[%clk 00:12:01]} 32. Bg3 {[%clk 00:38:51]} Qe3 {[%clk 00:12:01]} 33. Bc6
{[%clk 00:38:51]} h6 {[%clk 00:12:01]} 34. a4 {[%clk 00:38:51]} Bc5 {[%clk
00:12:01]} 35. Bd6 {[%clk 00:38:51]} Qg1+ {[%clk 00:12:01]} 36. Kg3 {[%clk
00:38:51]} Qf2+ {[%clk 00:12:01]} 37. Kg4 {[%clk 00:38:51]} Qe2+ {[%clk
00:12:01]} 38. Qf3 {[%clk 00:38:51]} Qe6+ {[%clk 00:12:01]} 39. Qf5 {[%clk
00:38:51]} Qxd6 {[%clk 00:12:01]} 40. Qc8+ {[%clk 00:38:51]} Kh7 {[%clk
00:12:01]} 41. Be4+ {[%clk 00:38:51]} g6 {[%clk 00:12:01]} 42. Qb7+ {[%clk
00:38:51]} Kh8 {[%clk 00:12:01]} 43. Bxg6 {[%clk 00:38:51]} Qd4+ {[%clk
00:12:01]} 44. Be4 Qd1+ 45. Bf3 Qd4+ 46. Qe4 Qd7+ 47. Qf5 Qd4+ 48. Kh5 Be7 49.
Kxh6 Qe3+ 50. Kh5 Qd4 51. Qc8+ Kh7 52. Qf5+ Kh8 53. Kg6 Qd8 54. Qh5+ Kg8 55.
Qh7+ Kf8 56. Qf7# 1-0

[Event "DVM U10 2024"]
[Site "Düsseldorf GER"]
[Date "2024.12.27"]
[Round "3"]
[White "Shankara Narayanan, Vivaan"]
[Black "Pahl, Eirik"]
[Result "0-1"]
[Termination "normal"]
[Board "5.4"]
[WhiteElo "794"]
[BlackElo "1010"]
[WhiteClock "00:44:46"]
[BlackClock "00:46:03"]
[WhiteTeam "SK Bad Homburg 1927"]
[BlackTeam "Elmshorner SC 1896"]
[PlyCount "62"]
[BlackFideId "34699511"]
[EventCountry "GER"]
[EventRounds "7"]
[EventType "team-swiss"]
[EventDate "2024.12.26"]

1. e4 {[%clk 00:55:09]} c5 {[%clk 00:55:03]} {[%emt 00:00:08]} 2. Nf3 {[%clk
00:55:09]} {[%emt 00:00:04]} e6 {[%clk 00:55:03]} {[%emt 00:00:05]} 3. Bc4
{[%clk 00:55:10]} {[%emt 00:00:04]} d5 {[%clk 00:54:05]} {[%emt 00:01:03]} 4.
exd5 {[%clk 00:55:04]} {[%emt 00:00:09]} exd5 {[%clk 00:54:06]} {[%emt
00:00:06]} 5. Qe2+ {[%clk 00:54:58]} {[%emt 00:00:10]} Ne7 {[%clk 00:53:56]}
{[%emt 00:00:16]} 6. Bb5+ {[%clk 00:54:48]} {[%emt 00:00:14]} Bd7 {[%clk
00:53:50]} {[%emt 00:00:12]} 7. Nc3 {[%clk 00:54:25]} {[%emt 00:00:27]} d4
{[%clk 00:53:13]} {[%emt 00:00:42]} 8. Bxd7+ {[%clk 00:54:17]} {[%emt
00:00:13]} Qxd7 {[%clk 00:53:05]} {[%emt 00:00:14]} 9. Ne4 {[%clk 00:54:08]}
{[%emt 00:00:13]} Nbc6 {[%clk 00:51:55]} {[%emt 00:01:15]} 10. Nxc5 {[%clk
00:54:02]} {[%emt 00:00:10]} Qd5 {[%clk 00:49:56]} {[%emt 00:02:06]} 11. Nxb7
{[%clk 00:53:26]} {[%emt 00:00:40]} Nb4 {[%clk 00:49:43]} {[%emt 00:00:19]} 12.
Rb1 {[%clk 00:52:45]} {[%emt 00:00:45]} Qxb7 {[%clk 00:49:29]} {[%emt
00:00:20]} 13. a3 {[%clk 00:51:53]} {[%emt 00:00:56]} Nxc2+ {[%clk 00:49:23]}
{[%emt 00:00:11]} 14. Kd1 {[%clk 00:51:15]} {[%emt 00:00:18]} Qb3 {[%clk
00:49:14]} {[%emt 00:00:40]} 15. h3 {[%clk 00:48:54]} {[%emt 00:02:22]} Nxa3+
{[%clk 00:49:16]} {[%emt 00:00:06]} 16. Ke1 {[%clk 00:48:45]} {[%emt 00:00:12]}
Nxb1 {[%clk 00:49:13]} {[%emt 00:00:09]} 17. Nxd4 {[%clk 00:48:24]} {[%emt
00:00:23]} Qd5 {[%clk 00:48:26]} {[%emt 00:00:56]} 18. Qb5+ {[%clk 00:47:52]}
{[%emt 00:00:36]} Qxb5 {[%clk 00:47:40]} {[%emt 00:00:52]} 19. Nxb5 {[%clk
00:47:49]} {[%emt 00:00:07]} Rc8 {[%clk 00:47:41]} {[%emt 00:00:05]} 20. Nxa7
{[%clk 00:47:48]} {[%emt 00:00:06]} Rxc1+ {[%clk 00:47:36]} {[%emt 00:00:10]}
21. Ke2 {[%clk 00:47:32]} {[%emt 00:00:20]} Rxh1 {[%clk 00:47:17]} {[%emt
00:00:24]} 22. Kd3 {[%clk 00:47:27]} {[%emt 00:00:09]} Kd7 {[%clk 00:47:05]}
{[%emt 00:00:19]} 23. Nb5 {[%clk 00:47:20]} {[%emt 00:00:11]} Kc6 {[%clk
00:47:01]} {[%emt 00:00:10]} 24. Nd4+ {[%clk 00:47:23]} {[%emt 00:00:02]} Kd5
{[%clk 00:46:50]} {[%emt 00:00:17]} 25. b4 {[%clk 00:46:53]} {[%emt 00:00:34]}
Nc6 {[%clk 00:46:42]} {[%emt 00:00:14]} 26. b5 {[%clk 00:46:25]} {[%emt
00:00:32]} Nxd4 {[%clk 00:46:37]} {[%emt 00:00:10]} 27. b6 {[%clk 00:46:29]}
{[%emt 00:00:01]} Bc5 {[%clk 00:46:28]} {[%emt 00:00:14]} 28. b7 {[%emt
00:00:23]} Rd1 {[%emt 00:00:12]} 29. b8=Q {[%emt 00:00:19]} Rxb8 {[%emt
00:00:08]} 30. f4 {[%clk 00:45:24]} {[%emt 00:00:05]} Rxd2+ {[%clk 00:46:03]}
{[%emt 00:01:17]} 31. Ke3 {[%clk 00:44:46]} {[%emt 00:00:55]} Rb3# {[%emt
00:00:10]} 0-1

[Event "DVM U10 2024"]
[Site "Düsseldorf GER"]
[Date "2024.12.27"]
[Round "3"]
[White "Braren, Ove Neelis"]
[Black "Zielke, Mika"]
[Result "1-0"]
[Termination "normal"]
[Board "7.1"]
[WhiteElo "1634"]
[BlackElo "1623"]
[WhiteClock "00:38:19"]
[BlackClock "00:45:43"]
[WhiteTeam "Königsspringer SC 1984"]
[BlackTeam "Chemnitzer SC Aufbau95"]
[PlyCount "73"]
[WhiteFideId "34663770"]
[BlackFideId "34661816"]
[EventCountry "GER"]
[EventRounds "7"]
[EventType "team-swiss"]
[EventDate "2024.12.26"]

1. e4 {[%clk 00:54:58]} {[%emt 00:00:11]} e5 {[%clk 00:55:00]} {[%emt
00:00:10]} 2. Nf3 {[%clk 00:54:50]} {[%emt 00:00:12]} Nc6 {[%clk 00:54:57]}
{[%emt 00:00:09]} 3. d4 {[%clk 00:54:35]} {[%emt 00:00:21]} exd4 {[%clk
00:54:45]} {[%emt 00:00:16]} 4. Nxd4 {[%clk 00:54:26]} {[%emt 00:00:14]} Nf6
{[%clk 00:54:36]} {[%emt 00:00:14]} 5. Nc3 {[%clk 00:54:20]} {[%emt 00:00:11]}
Bb4 {[%clk 00:54:27]} {[%emt 00:00:14]} 6. Nxc6 {[%clk 00:54:06]} {[%emt
00:00:18]} bxc6 {[%clk 00:54:21]} {[%emt 00:00:11]} 7. Bd3 {[%clk 00:54:01]}
{[%emt 00:00:10]} d5 {[%clk 00:54:07]} {[%emt 00:00:20]} 8. exd5 {[%clk
00:53:47]} {[%emt 00:00:18]} Nxd5 {[%clk 00:52:51]} {[%emt 00:01:22]} 9. Bd2
{[%clk 00:48:53]} {[%emt 00:04:59]} Nxc3 {[%clk 00:52:29]} {[%emt 00:00:27]}
10. bxc3 {[%clk 00:48:10]} {[%emt 00:00:47]} Bd6 {[%clk 00:52:02]} {[%emt
00:00:33]} 11. O-O {[%clk 00:46:27]} {[%emt 00:01:48]} O-O {[%emt 00:02:18]}
12. Qh5 {[%clk 00:45:06]} {[%emt 00:01:20]} g6 {[%clk 00:49:31]} {[%emt
00:00:29]} 13. Qf3 {[%clk 00:44:38]} {[%emt 00:00:33]} Bd7 {[%clk 00:47:19]}
{[%emt 00:02:16]} 14. Rfe1 {[%clk 00:41:17]} {[%emt 00:03:27]} Qh4 {[%clk
00:46:13]} {[%emt 00:01:10]} 15. g3 {[%clk 00:38:19]} {[%emt 00:03:04]} Qg4
{[%clk 00:45:43]} 16. Qf6 {[%clk 00:38:19]} Qh3 17. c4 {[%clk 00:38:19]} Rae8
{[%clk 00:45:43]} 18. Bc3 {[%clk 00:38:19]} Be5 {[%clk 00:45:43]} 19. Bxe5
{[%clk 00:38:19]} Rxe5 {[%clk 00:45:43]} 20. Qxe5 {[%clk 00:38:19]} Bg4 {[%clk
00:45:43]} 21. Bf1 {[%clk 00:38:19]} Qh6 {[%clk 00:45:43]} 22. Qxc7 {[%clk
00:38:19]} Bf3 {[%clk 00:45:43]} 23. Bg2 {[%clk 00:38:19]} Bg4 {[%clk
00:45:43]} 24. Qxc6 {[%clk 00:38:19]} Rc8 {[%clk 00:45:43]} 25. Re8+ {[%clk
00:38:19]} Rxe8 {[%clk 00:45:43]} 26. Qxe8+ {[%clk 00:38:19]} Kg7 {[%clk
00:45:43]} 27. Bd5 {[%clk 00:38:19]} Qh3 {[%clk 00:45:43]} 28. Qxf7+ {[%clk
00:38:19]} Kh6 {[%clk 00:45:43]} 29. Qf8+ {[%clk 00:38:19]} Kh5 {[%clk
00:45:43]} 30. Bf3 {[%clk 00:38:19]} Bxf3 {[%clk 00:45:43]} 31. Qxf3+ {[%clk
00:38:19]} Kh6 {[%clk 00:45:43]} 32. Qf8+ {[%clk 00:38:19]} Kh5 {[%clk
00:45:43]} 33. Rd1 {[%clk 00:38:19]} g5 {[%clk 00:45:43]} 34. Qf3+ {[%clk
00:38:19]} Kg6 {[%clk 00:45:43]} 35. Rd6+ {[%clk 00:38:19]} Kg7 {[%clk
00:45:43]} 36. Qf6+ {[%clk 00:38:19]} Kg8 {[%clk 00:45:43]} 37. Rd8# {[%clk
00:38:19]} 1-0

[Event "DVM U10 2024"]
[Site "Düsseldorf GER"]
[Date "2024.12.27"]
[Round "3"]
[White "Mettenbrink, Tammo"]
[Black "Wilting, Oskar"]
[Result "0-1"]
[Termination "normal"]
[Board "8.2"]
[WhiteElo "1029"]
[BlackElo "1454"]
[WhiteClock "00:31:35"]
[BlackClock "00:30:40"]
[WhiteTeam "Findorffer Sfr"]
[BlackTeam "SC Aurich"]
[PlyCount "118"]
[BlackFideId "34640053"]
[EventCountry "GER"]
[EventRounds "7"]
[EventType "team-swiss"]
[EventDate "2024.12.26"]

1. e4 {[%clk 00:55:06]} {[%emt 00:00:02]} c5 {[%clk 00:55:04]} {[%emt
00:00:06]} 2. c3 {[%clk 00:54:48]} {[%emt 00:00:24]} Nf6 {[%clk 00:54:59]}
{[%emt 00:00:09]} 3. e5 {[%clk 00:54:41]} {[%emt 00:00:12]} Nd5 {[%clk
00:54:54]} {[%emt 00:00:09]} 4. d4 {[%clk 00:54:35]} {[%emt 00:00:13]} cxd4
{[%clk 00:54:51]} {[%emt 00:00:08]} 5. cxd4 {[%clk 00:54:19]} {[%emt 00:00:21]}
e6 {[%clk 00:54:40]} {[%emt 00:00:14]} 6. Bc4 {[%clk 00:54:15]} {[%emt
00:00:11]} Nb6 {[%clk 00:53:59]} {[%emt 00:00:45]} 7. Bd3 {[%clk 00:53:55]}
{[%emt 00:00:26]} Nc6 {[%clk 00:52:50]} {[%emt 00:01:13]} 8. Nf3 {[%clk
00:53:42]} {[%emt 00:00:18]} Nd5 {[%clk 00:51:04]} {[%emt 00:01:51]} 9. O-O
{[%clk 00:53:15]} {[%emt 00:00:32]} a6 {[%clk 00:49:59]} {[%emt 00:01:11]} 10.
Bd2 {[%clk 00:52:46]} {[%emt 00:00:34]} b5 {[%clk 00:48:50]} {[%emt 00:01:13]}
11. Nc3 {[%clk 00:52:30]} {[%emt 00:00:22]} Nce7 {[%clk 00:48:18]} {[%emt
00:00:37]} 12. Be4 {[%clk 00:51:37]} {[%emt 00:00:57]} Bb7 {[%clk 00:48:02]}
{[%emt 00:00:21]} 13. Bg5 {[%clk 00:51:03]} {[%emt 00:00:39]} Nxc3 {[%clk
00:47:40]} {[%emt 00:00:27]} 14. bxc3 {[%clk 00:50:30]} {[%emt 00:00:39]} Bxe4
{[%clk 00:47:34]} {[%emt 00:00:10]} 15. Qe2 {[%clk 00:50:02]} {[%emt 00:00:34]}
Bb7 {[%clk 00:47:09]} {[%emt 00:00:30]} 16. Qe3 {[%clk 00:48:11]} {[%emt
00:01:56]} Qc7 {[%clk 00:45:01]} {[%emt 00:02:11]} 17. Rac1 {[%clk 00:47:30]}
{[%emt 00:00:47]} Nd5 {[%clk 00:44:32]} {[%emt 00:00:34]} 18. Qd3 {[%clk
00:46:46]} {[%emt 00:00:50]} Qc4 {[%clk 00:43:44]} {[%emt 00:00:52]} 19. Qc2
{[%clk 00:45:56]} {[%emt 00:00:55]} Ba3 {[%clk 00:42:50]} {[%emt 00:00:58]} 20.
Rcd1 {[%clk 00:45:26]} {[%emt 00:00:37]} Qxc3 {[%clk 00:42:24]} {[%emt
00:00:30]} 21. Qxc3 {[%clk 00:45:16]} {[%emt 00:00:16]} Nxc3 {[%clk 00:42:10]}
{[%emt 00:00:19]} 22. Rd3 {[%clk 00:45:11]} {[%emt 00:00:10]} Bb4 {[%clk
00:42:03]} {[%emt 00:00:11]} 23. Bd2 {[%clk 00:44:55]} {[%emt 00:00:22]} Nd5
{[%clk 00:41:40]} {[%emt 00:00:27]} 24. Bxb4 {[%clk 00:44:22]} {[%emt
00:00:38]} Nxb4 {[%clk 00:41:34]} {[%emt 00:00:11]} 25. Ra3 {[%clk 00:44:12]}
{[%emt 00:00:16]} O-O {[%clk 00:41:21]} {[%emt 00:00:17]} 26. Rb1 {[%clk
00:43:17]} {[%emt 00:01:00]} Rac8 {[%clk 00:40:51]} {[%emt 00:00:36]} 27. Nd2
{[%clk 00:42:42]} {[%emt 00:00:41]} Nd5 {[%clk 00:40:32]} {[%emt 00:00:23]} 28.
Rg3 {[%clk 00:42:25]} {[%emt 00:00:22]} Rc2 {[%clk 00:40:14]} {[%emt 00:00:23]}
29. Nf3 {[%clk 00:42:04]} {[%emt 00:00:26]} Rfc8 {[%clk 00:40:08]} {[%emt
00:00:10]} 30. h3 {[%clk 00:41:32]} {[%emt 00:00:38]} Nf4 {[%clk 00:39:14]}
{[%emt 00:00:59]} 31. Rg4 {[%clk 00:41:01]} {[%emt 00:00:35]} Bxf3 {[%clk
00:37:47]} {[%emt 00:01:32]} 32. Rxf4 {[%clk 00:39:40]} {[%emt 00:01:27]} Rc1+
{[%clk 00:37:21]} {[%emt 00:00:31]} 33. Rxc1 {[%clk 00:39:21]} {[%emt
00:00:23]} Rxc1+ {[%clk 00:37:15]} {[%emt 00:00:11]} 34. Kh2 {[%clk 00:39:17]}
{[%emt 00:00:09]} Bd5 {[%clk 00:37:08]} {[%emt 00:00:10]} 35. Rg4 {[%clk
00:38:55]} {[%emt 00:00:30]} Bxa2 {[%clk 00:36:55]} 36. Rg3 {[%clk 00:38:31]}
{[%emt 00:00:46]} Bd5 {[%clk 00:36:44]} {[%emt 00:00:17]} 37. Ra3 {[%clk
00:38:01]} {[%emt 00:00:35]} Bb7 {[%clk 00:36:23]} {[%emt 00:00:24]} 38. g4
{[%clk 00:37:38]} {[%emt 00:00:29]} Rd1 {[%clk 00:36:07]} {[%emt 00:00:20]} 39.
Rc3 {[%clk 00:37:19]} {[%emt 00:00:25]} f6 {[%clk 00:35:44]} {[%emt 00:00:22]}
40. exf6 {[%clk 00:37:11]} {[%emt 00:00:19]} gxf6 {[%clk 00:35:36]} {[%emt
00:00:14]} 41. Rc7 {[%emt 00:00:18]} Bc6 {[%emt 00:00:24]} 42. Ra7 {[%clk
00:36:15]} {[%emt 00:00:18]} Ra1 {[%clk 00:35:01]} {[%emt 00:00:40]} 43. Kg3
{[%clk 00:35:53]} {[%emt 00:00:28]} a5 {[%clk 00:34:53]} {[%emt 00:00:14]} 44.
Kh4 {[%clk 00:35:20]} {[%emt 00:00:36]} a4 {[%clk 00:34:34]} {[%emt 00:00:24]}
45. Kh5 {[%clk 00:34:54]} {[%emt 00:00:32]} Kg7 {[%clk 00:34:29]} {[%emt
00:00:09]} 46. g5 {[%clk 00:34:38]} {[%emt 00:00:22]} fxg5 {[%clk 00:33:49]}
{[%emt 00:00:45]} 47. Kxg5 {[%clk 00:34:29]} {[%emt 00:00:14]} Rf1 {[%clk
00:33:42]} {[%emt 00:00:11]} 48. f4 {[%clk 00:34:09]} {[%emt 00:00:26]} h6+
{[%clk 00:32:43]} {[%emt 00:01:03]} 49. Kg4 {[%clk 00:34:02]} {[%emt 00:00:13]}
Rd1 {[%clk 00:31:50]} {[%emt 00:00:57]} 50. Rc7 {[%clk 00:33:45]} {[%emt
00:00:22]} Rxd4 {[%clk 00:31:38]} {[%emt 00:00:18]} 51. Rc8 {[%clk 00:33:31]}
{[%emt 00:00:19]} a3 {[%clk 00:31:25]} {[%emt 00:00:18]} 52. Rc7 {[%clk
00:33:04]} {[%emt 00:00:31]} a2 {[%clk 00:31:19]} {[%emt 00:00:11]} 53. Ra7
{[%clk 00:32:57]} {[%emt 00:00:13]} Ra4 {[%clk 00:31:18]} {[%emt 00:00:06]} 54.
Rxa4 {[%clk 00:32:53]} {[%emt 00:00:09]} bxa4 {[%clk 00:31:18]} {[%emt
00:00:05]} 55. f5 {[%clk 00:32:24]} {[%emt 00:00:34]} a1=Q {[%clk 00:31:06]}
{[%emt 00:00:16]} 56. f6+ {[%clk 00:32:18]} {[%emt 00:00:11]} Qxf6 {[%clk
00:31:01]} {[%emt 00:00:10]} 57. Kg3 {[%clk 00:31:55]} {[%emt 00:00:28]} Qf3+
{[%clk 00:30:43]} {[%emt 00:00:24]} 58. Kh4 {[%clk 00:31:45]} {[%emt 00:00:15]}
Qf4+ {[%clk 00:30:40]} {[%emt 00:00:07]} 59. Kh5 {[%clk 00:31:35]} {[%emt
00:00:15]} Qg5# {[%emt 00:00:07]} 0-1

[Event "DVM U10 2024"]
[Site "Düsseldorf GER"]
[Date "2024.12.27"]
[Round "3"]
[White "Raskob, Levi Franziskus"]
[Black "Sanguinette, Luis"]
[Result "1-0"]
[Termination "normal"]
[Board "15.3"]
[WhiteElo "840"]
[BlackElo "918"]
[WhiteClock "00:49:39"]
[BlackClock "00:49:52"]
[WhiteTeam "SF 1958 Bitburg"]
[BlackTeam "Schachzwerge Magdeburg"]
[PlyCount "31"]
[WhiteFideId "533019070"]
[EventCountry "GER"]
[EventRounds "7"]
[EventType "team-swiss"]
[EventDate "2024.12.26"]

1. e4 {[%clk 00:55:06]} {[%emt 00:00:01]} e5 {[%clk 00:54:59]} {[%emt
00:00:12]} 2. Qh5 {[%clk 00:55:03]} {[%emt 00:00:08]} g6 {[%clk 00:54:23]}
{[%emt 00:00:41]} 3. Qxe5+ {[%clk 00:54:57]} {[%emt 00:00:08]} Qe7 {[%clk
00:54:12]} {[%emt 00:00:18]} 4. Qxh8 {[%clk 00:54:45]} d6 {[%clk 00:53:45]}
{[%emt 00:00:49]} 5. Qxg8 {[%clk 00:54:33]} Bg4 {[%clk 00:53:44]} {[%emt
00:00:23]} 6. Kd1 {[%clk 00:53:29]} {[%emt 00:00:50]} Nd7+ {[%clk 00:52:43]}
{[%emt 00:02:29]} 7. f3 {[%clk 00:53:18]} Qxe4 {[%clk 00:52:36]} 8. fxg4 {[%clk
00:52:59]} Qf4 {[%emt 00:00:37]} 9. Bd3 Qxg4+ {[%clk 00:52:27]} 10. Be2 {[%clk
00:52:29]} {[%emt 00:00:33]} Qxg2 {[%clk 00:52:13]} {[%emt 00:00:19]} 11. Bc4
{[%clk 00:52:25]} {[%emt 00:00:09]} O-O-O {[%clk 00:51:58]} {[%emt 00:00:20]}
12. Qxf7 {[%clk 00:51:54]} {[%emt 00:00:35]} Qxh1 {[%clk 00:51:54]} {[%emt
00:00:12]} 13. Qf2 {[%clk 00:51:15]} {[%emt 00:00:43]} Qe4 {[%clk 00:50:26]}
{[%emt 00:01:34]} 14. Qxa7 {[%clk 00:50:53]} {[%emt 00:00:23]} b6 {[%clk
00:50:14]} {[%emt 00:00:19]} 15. Bd3 {[%clk 00:50:26]} {[%emt 00:00:32]} Qe7
{[%clk 00:49:52]} {[%emt 00:00:26]} 16. Ba6# {[%clk 00:49:39]} {[%emt
00:00:52]} 1-0